000 00343nam a2200145Ia 4500
008 230917s9999||||xx |||||||||||||| ||und||
040 _e139368
_aMAIN
041 _aEnglish
082 _a005.74 A83D
100 _aAdrians, Peter
245 0 _aData mining
260 _aNew Delhi
_bPearson Education
_c1996
300 _a158 p.
942 _cBK
999 _c108836
_d108836